LEADER 05728nam 2200601 450 001 9910136817503321 005 20221206103905.0 035 $a(CKB)3710000000631043 035 $a(oapen)https://directory.doabooks.org/handle/20.500.12854/40700 035 $a(EXLCZ)993710000000631043 100 $a20160411d2015uuuu fy 0 101 0 $aeng 135 $aurc|#---||||| 181 $ctxt$2rdacontent 182 $cc$2rdamedia 183 $acr$2rdacarrier 200 00$aAlternative models of addiction$b[electronic resource] /$fedited by Hanna Pickard, Serge H. Ahmed and Bennett Foddy 210 $cFrontiers Media SA$d2015 210 1$a[Lausanne, Switzerland] :$cFrontiers Media SA,$d2015 215 $a1 online resource (173 pages) $cillustrations; digital, PDF file(s) 225 0 $aFrontiers research topics 225 1 $aFrontiers in psychiatry,$x1664-8714 311 $a2-88919-713-1 320 $aIncludes bibliographical references. 327 $tAlternative models of addiction /$rHanna Pickard, Serge H. Ahmed and Bennett Foddy --$tAddiction and choice: theory and new data /$rGene M. Heyman --$tIntertemporal bargaining in addiction /$rGeorge Ainslie --$tAddiction and the brain-disease fallacy /$rSally Satel and Scott O. Lilienfeld --$tThe addict in us all /$rBrendan Dill and Richard Holton --$tAddiction: choice or compulsion? /$rEdmund Henden, Hans Olav Melberg and Ole Jørgen Røgeberg --$tExplaining human recreational use of 'pesticides': the neurotoxin regulation model of substance use vs. the hijack model and implications for age and sex differences in drug consumption /$rEdward H. Hagen, Casey J. Roulette and Roger J. Sullivan --$tAddiction is not a brain disease (and it matters) /$rNeil Levy --$tAddiction, the concept of disorder, and pathways to harm: comment on Levy /$rJerome C. Wakefield --$tHow many people have alcohol use disorders? Using the harmful dysfunction analysis to reconcile prevalence estimates in two community surveys /$rJerome C. Wakefield and Mark F. Schmitz --$tCorrigendum: how many people have alcohol use disorders? Using the harmful dysfunction analysis to rectify prevalence rates in two community surveys /$rJerome C. Wakefield and Mark F. Schmitz --$tAddiction is not a natural kind /$rJeremy Michael Pober --$tThe puzzling unidimensionality of DSM-5 substance use disorder disgnoses /$rRobert J. MacCoun --$tThe puzzling unidimensionality of DSM substance use disorders: commentary /$rChristopher Stephen Martin --$tPleasure and addiction /$rJeanette Kennett, Steve Matthews and Anke Snoek --$tThe shame of addiction /$rOwen Flanagan --$tDyadic social interaction as an alternative reward to cocaine /$rGerald Zernig, Kai K. Kummer and Janine M. Prast --$tIs "loss of control" always a consequence of addiction? /$rMark D. Griffiths --$tDisentangling the correlates of drug use in a clinic and community sample: a regression analysis of the associations between drug use, years-of-school, impulsivity, IQ, working memory, and psychiatric symptoms /$rGene M. Heyman, Brian J. Dunn and Jason Mignone. 330 3 $aFor much of the 20th century, theories of addictive behaviour and motivation were polarized between two models. The first model viewed addiction as a moral failure for which addicts are rightly held responsible and judged accordingly. The second model, in contrast, viewed addiction as a specific brain disease caused by neurobiological adaptations occurring in response to chronic drug or alcohol use, and over which addicts have no choice or control. As our capacity to observe neurobiological phenomena improved, the second model became scientific orthodoxy, increasingly dominating addiction research and informing public understandings of addiction. More recently, however, a dissenting view has emerged within addiction research, based partly on new scientific research and partly on progress in philosophical and psychological understandings of relevant mental phenomena. This view does not revert to treating addiction as a moral failure, but nonetheless holds that addictive behaviour is fundamentally motivated by choice and subject to at least a degree of voluntary control. On this alternative model of addiction, addictive behaviour is an instrumental means to ends that are desired by the individual, although much controversy exists with respect to the rationality or irrationality of these ends, the degree and nature of the voluntary control of addictive behaviour and motivation, the explanation of the difference between addictive and non-addictive behaviour and motivation, and, lastly, the extent to which addictive behaviour and motivation is correctly characterised as pathological or diseased. This research topic includes papers in the traditions of neuroscience, psychology, philosophy, law and social science that explore alternative understandings of addiction 410 0$aFrontiers in psychiatry,$x1664-8714. 606 $aPsychiatry 606 $aSubstance abuse 606 $aAddicts$xPsychology 606 $aCompulsive behavior 610 $acompulsion 610 $aAddiction 610 $aDisease 610 $adrugs 610 $aSelf-Control 610 $achoice 610 $asubstance abuse 610 $asubstance dependence 615 0$aPsychiatry. 615 0$aSubstance abuse. 615 0$aAddicts$xPsychology. 615 0$aCompulsive behavior. 676 $a616.86 700 $aBennett Foddy$4auth$01372032 702 $aPickard$b Hanna 702 $aAhmed$b Serge H. 702 $aFoddy$b Bennett 801 2$bUkMaJRU 906 $aBOOK 912 $a9910136817503321 996 $aAlternative models of addiction$93401867 997 $aUNINA LEADER 01807oam 2200421Ia 450 001 9910699945903321 005 20110127115201.0 035 $a(CKB)5470000002406498 035 $a(OCoLC)697198216 035 $a(EXLCZ)995470000002406498 100 $a20110117d2010 ua 0 101 0 $aeng 135 $aurcn||||||||| 181 $ctxt$2rdacontent 182 $cc$2rdamedia 183 $acr$2rdacarrier 200 00$aResonant vibrations resulting from the re-engineering of a constant-speed 2-bladed turbine to a variable-speed 3-bladed turbine$b[electronic resource] $epreprint /$fP.A. Fleming ... [and others] 210 1$a[Golden, CO] :$cNational Renewable Energy Laboratory,$d[2010] 215 $a1 online resource (14 pages) $ccolor illustrations 225 1 $aNREL/CP ;$v5000-50009 300 $aTitle from title screen (viewed January 17, 2011). 300 $a"To be presented at 49th AIAA Aerospace Sciences Meeting, 2011, Orlando, Florida, January 4-7, 2011." 300 $a"December 2010." 320 $aIncludes bibliographical references (page 14). 517 $aResonant vibrations resulting from the re-engineering of a constant-speed 2-bladed turbine to a variable-speed 3-bladed turbine 606 $aWind turbines$xVibration$xResearch 606 $aFrequencies of oscillating systems 615 0$aWind turbines$xVibration$xResearch. 615 0$aFrequencies of oscillating systems. 701 $aFleming$b Paul A$01415597 712 02$aNational Renewable Energy Laboratory (U.S.) 801 0$bSOE 801 1$bSOE 801 2$bGPO 906 $aBOOK 912 $a9910699945903321 996 $aResonant vibrations resulting from the re-engineering of a constant-speed 2-bladed turbine to a variable-speed 3-bladed turbine$93518100 997 $aUNINA LEADER 04548nam 22007095 450 001 9910796808903321 005 20230526001149.0 010 $a0-8232-8164-7 010 $a0-8232-8020-9 010 $a0-8232-8021-7 024 7 $a10.1515/9780823280216 035 $a(CKB)4100000004837252 035 $a(OCoLC)1033412444 035 $a(MdBmJHUP)muse68765 035 $a(MiAaPQ)EBC5391782 035 $a(StDuBDS)EDZ0001974535 035 $a(DE-B1597)555177 035 $a(DE-B1597)9780823280216 035 $a(EXLCZ)994100000004837252 100 $a20200723h20182018 fg 0 101 0 $aeng 135 $aur|||||||nn|n 181 $ctxt$2rdacontent 182 $cc$2rdamedia 183 $acr$2rdacarrier 200 10$aOther Others $eThe Political after the Talmud /$fSergey Dolgopolski 205 $aFirst edition. 210 1$aNew York, NY :$cFordham University Press,$d[2018] 210 4$d©2018 215 $a1 online resource 225 1 $aFordham scholarship online 300 $aThis edition previously issued in print: 2018. 311 0 $a0-8232-8018-7 320 $aIncludes bibliographical references and index. 327 $tFront matter --$tcontents --$tEarth Anew: A Preface --$tIntroduction. Humans, Jews, and the Other Others --$tchapter 1. The Question of the Political: Back to Where You Once Belonged? --$tchapter 2. Jews, in Theory --$tchapter 3. Talmudic Self-Refutation (Interpersonality I) --$tchapter 4. Conceptions of the Human (Interpersonality II): The Limits of Regret --$tchapter 5. Apodictic Irony and the Production of Well- Structured Uncertainty: Tosafot Gornish and the Talmud as the Political after Kant --$tchapter 6. Formally Human ( Jewish Responses to Kant I) --$tchapter 7. Mis-Taking in Halakhah and Aggadah (Jewish Responses to Kant II) --$tchapter 8. The Earth for the Other Others --$tAcknowledgments --$tNotes --$tIndex 330 $aDenying recognition or even existence to certain others, while still tolerating diversity, stabilizes a political order; or does it? Revisiting this classical question of political theory, the book turns to the Talmud. That late ancient body of text and thought displays a new concept of the political, and thus a new take on the question of excluded others. Philosophy- and theology-driven approaches to the concept of the political have tacitly elided a concept of the political which the Talmud displays; yet, that elision becomes noticeable only by a methodical rereading of the pages of the Talmud through and despite the lens of contemporary competing theological and philosophical theories of the political. The book commits such rereading of the Talmud, which at the same time is a reconsideration of contemporary political theory. In that way, The Political intervenes both to the study of the Talmud and Jewish Thought in its aftermath, and to political theory in general. The question of the political for the excluded others, or for those who programmatically do not claim any ?original? belonging to a particular territory comes at the forefront of analysis in the book. Other Others approaches this question by moving from a modern political figure of ?Jew? as such an ?other other? to the late ancient texts of the Talmud. The pages of the Talmud emerge in the book as a (dis)appearing display of the interpersonal rather than intersubjective political. The argument in the book arrives, at the end, to a demand to think earth anew, now beyond the notions of territory, land, nationalism or internationalism, or even beyond the notion of universe, that have defined the thinking of earth so far. 410 0$aFordham scholarship online. 606 $aReasoning 606 $aJews$xPublic opinion$xHistory 606 $aPolitical theology 606 $aSubjectivity$xPhilosophy 606 $aAntisemitism$xPhilosophy 610 $aRancière. 610 $aSchmitt. 610 $aTalmud. 610 $acontinental philosophy. 610 $aintersubjectivity. 610 $aother others. 610 $apolitical theory. 615 0$aReasoning. 615 0$aJews$xPublic opinion$xHistory. 615 0$aPolitical theology. 615 0$aSubjectivity$xPhilosophy. 615 0$aAntisemitism$xPhilosophy. 676 $a296.3/82 700 $aDolgopolski$b Sergey$4aut$4http://id.loc.gov/vocabulary/relators/aut$01579670 801 0$bDE-B1597 801 1$bDE-B1597 906 $aBOOK 912 $a9910796808903321 996 $aOther Others$93859916 997 $aUNINA LEADER 04769oam 2200961 c 450 001 9910372793803321 005 20260302090207.0 010 $a9783839409077 010 $a3839409071 024 7 $a10.14361/9783839409077 035 $a(CKB)3710000000482783 035 $a(OAPEN)1007474 035 $a(DE-B1597)461227 035 $a(OCoLC)1013963660 035 $a(OCoLC)958035320 035 $a(DE-B1597)9783839409077 035 $a(MiAaPQ)EBC5494316 035 $a(Au-PeEL)EBL5494316 035 $a(OCoLC)1049914290 035 $a(transcript Verlag)9783839409077 035 $a(oapen)https://directory.doabooks.org/handle/20.500.12854/28209 035 $a(ScCtBLL)25db3be6-606d-4293-b781-772022d3f718 035 $a(oapen)doab28209 035 $a(EXLCZ)993710000000482783 100 $a20260302h20152008 uy 0 101 0 $ager 135 $auuuuu---auuuu 181 $ctxt$2rdacontent 182 $cc$2rdamedia 183 $acr$2rdacarrier 200 00$aWas ist eine Universität?$eSchlaglichter auf eine ruinierte Institution$fUlrike Haß, Nikolaus Müller-Schöll 205 $a1st ed. 210 $aBielefeld$ctranscript Verlag$d2015 210 $d2015, c2008 215 $a1 online resource (156) 225 0 $aKultur- und Medientheorie 311 08$a9783899429077 311 08$a3899429079 327 $aFrontmatter 1 Inhalt 5 Vorwort 7 Universita?t als Grenzort 11 Hochschulen fu?r die demokratische Gesellschaft 27 Die ungeliebte Universita?t 35 Die Eine Szene. Wider die Teilung von Forschung und Lehre in den Geisteswissenschaften 45 Die Universita?t im Wu?rgegriff von CHE-Consult: Ein Regimewechsel von noch nicht begriffener Gewalt 55 Der Hochschul-TU?V 69 »Exzellenz« = Masse: Universita?tsfinanzierung als Leistungsbelohnung? 77 Paradiese im gelobten Land oder: The University in Ruins? U?ber amerikanische Universita?ten 81 U?ber eine Universita?t, die an der Zeit ist 95 Gru?ndungen / Generationen 107 Die Zukunft der Universita?t 125 Autorinnen und Autoren 151 Backmatter 154 330 $aUnter dem Vorzeichen der »Reform« kündigen sich heute fundamentale Veränderungen der Institution Universität an. Die Prinzipien der Hochschulautonomie, der Wissenschaftsfreiheit und einer Bildung, die mehr ist als Ausbildung, werden dabei in nie gekanntem Maße ausgehöhlt. Die Konsequenzen für Universität und Gesellschaft sind noch kaum bedacht und analysiert worden. Was ist aus der modernen Universität geworden, wie sie um 1800 entworfen wurde? Wie behauptet sie ihren Anspruch gegenüber den aktuellen Forderungen nach Effizienz und Exzellenz?Die Beiträge des Bandes widmen sich diesen Fragen aus unterschiedlichen Perspektiven. 330 1 $a»Warum kümmern sich ausgerechnet Theaterwissenschaftler 330 1 $a»Es ist eine Stärke des Sammelbands, dass mancher Text zum differenzierten Widerspruch anregt.Dass so manchem Beitrag die eigene institutionelle Bedingtheit sichtbar eingeschrieben ist [...], kann nicht als Schwäche des Sammelbands ausgelegt werden. Denn gerade das kritische Nachdenken über die eigene Institution macht den authentischen Charme und die inhaltliche Qualität der Beiträge aus.« 330 1 $aBesprochen in:Bochumer Stadt- und Studierendenzeitung, 21.01.2009DISS-Journal, 18 (2009), Rolf van Raden 410 0$aKultur- und Medientheorie 517 2 $aHaß/Müller-Schöll (Hg.), Was ist$eSchlaglichter auf eine ruinierte Institution 606 $aUniversität 606 $aUniversity 606 $aBildungspolitik 606 $aEducational Policy 606 $aBologna 606 $aEducation 606 $aExzellenz 606 $aScience 606 $aBildung 606 $aEducational Research 606 $aWissenschaft 606 $aPedagogy 606 $aBildungsforschung 606 $aPädagogik 615 4$aUniversität 615 4$aUniversity 615 4$aBildungspolitik 615 4$aEducational Policy 615 4$aBologna 615 4$aEducation 615 4$aExzellenz 615 4$aScience 615 4$aBildung 615 4$aEducational Research 615 4$aWissenschaft 615 4$aPedagogy 615 4$aBildungsforschung 615 4$aPädagogik 676 $a378.001 686 $aAL 19000$2rvk 702 $aHaß$b Ulrike$p

Ulrike Haß, Ruhr-Universität Bochum, Deutschland

$4edt 702 $aMüller-Schöll$b Nikolaus$p

Nikolaus Müller-Schöll, Goethe-Universität Frankfurt a.M., Frankfurt a.M., Deutschland

$4edt 801 0$bDE-B1597 801 1$bDE-B1597 906 $aBOOK 912 $a9910372793803321 996 $aWas ist eine Universita?t$94415375 997 $aUNINA